000 00455nam a2200181Ia 4500
001 12843
005 20260306163010.0
008 260306t1988||||xx |||||||||||||| ||spa||
041 _aESP
082 _aRD 346
_bU79
100 _aUrquizo Pérez, V. Jorge
_eAUT
245 0 _aTérminos, definiciones y concordancias de los códigos
260 _c1988
300 _a334 páginas :
_ccm.
650 _aGEN
654 _aCDE
942 _cLIB
_dJUS
_fJUS
_2ddc
_n
999 _c12843
_d12843